00975nam a2200277Ia 450000500170000000800410001702000150005810000200007324500950009325000190018830000420020765000270024965000310027665000330030765000350034065000330037565000380040870000370044670000300048326400500051333600270056333700330059033800280062304000350065108400110068620220317000703.0160601s2002 mx a g 000 0 spa  a96816672471 aTeisson, Janine10aCinema Lux cJanine Teisson ; ilustraciones Uwe Lehmann ; traducción Diana Luz Sánchez a1a. edición  a79 páginas bilustraciones c22 cm 142LEMBaNovela francesa 142LEMBaLiteratura francesa 142LEMBaAmor en la literatura 142LEMBaCiegos en la literatura 142LEMBaCine en la literatura 142LEMB aMúsica en la literatura 1 aSánchez, Diana Luzetraductor 1 aLehmann, Uweeilustrador  aMéxico bFondo de Cultura Económicac2002 atextobtxt2rdacontent asin mediaciónbn2rdamedia avolumenbnc2rdacarrier aCO-BoRNBPbspaerdacCO-BoRNBP aN TEI3